000 00539nam a22001817a 4500
003 OSt
005 20140503090441.0
008 140503b xxu||||| |||| 00| 0 eng d
050 _aQ 182
_b.C518p6 2012
100 _aCheng, Helena B.Sci
245 _aTOP Science Examination Papers :
_bPrimary 4 /
_cHelena Cheng
260 _aSingapore :
_bEducational Publishing Home Pte Ltd,
_c2012.
300 _a168 p. :
_bill. ;
_c25 cm.
650 _aLife Cycles of Animals
650 _aLife cycle of plants
942 _2lcc
_cBK
999 _c115756
_d115756